00287nam a2200121Ia 4500008004100000041000900041082001500050100002400065245002400089260003600113300000800149650000800157230718s9999 xx 000 0 und d aEng. a346bKHA-F aKhakhak Muniy Ahmad 0afinciples of Equity aPakistanbJafan low book c2007 a311 aLaw